000 00205 a2200097 4500
001 27647
100 _aHerrick, C
245 _aElectronic trouble shooting
260 _a
_bReston
_c
090 _c18414
_d18414
942 _aNUST-CAE
_cM
_c9352
999 _c262720
_d262720